00837nam a2200229 a 450000100060000000300090000600500170001500800410003202000150007304000280008808200230011610000440013924500330018326000450021630000360026150501650029759000490046265000320051165000320054394200150057599900170059016403CO-ViMGA20230915231049.0141112s2004 ck r 000 u spa d a9583003727 aCO-ViMGAbspacCO-ViMGA04a398.209861 bM476m1 aSilva, Fabio, comp.; Nieto, Eric92345010aMitos y leyendas Colombianos aBogotá : bPanAméricana, c112.p.il. aBiblioteca de temas Colombianos aMitos y leyendas de la zona Andina Mitos y leyendas de la zona Atlántica Mitos y leyendas de los Llanos y la Amazonía Mitos y leyendas de la zona Pacífica aForma de adquisición : Premio - Mincultura14aLEYENDAS COLOMBIANAS92247414aMITOLOGIA COLOMBIANA914993 2ddccBKn0 c26269d26269